Financovanie neverejnej školy z rozpočtu samosprávy : cirkevné a súkromné školy a školské zariadenia

Bibliographic Details
Main Author: Konečná Veverková, Ingrid (Author)
Format: Article
Language:Slovak
PhysicalDescription:Tabuľky
ISSN:1336-9849
Subjects:

MARC

LEADER 00000nab a2200000 4500
001 vtls012247987
003 SK-MaSNL
005 20260303203149.0
008 240116|2023 xo |||| ||an ||00 0|slo
015 |a SNBRB2024/01 
040 |a SPKCL  |b slo  |e rda 
041 |a slo  |b slo 
044 |a xo  |c SK 
072 7 |a 336.7  |x Financie  |2 konspekt 
072 7 |a 371  |x Školstvo  |2 konspekt 
080 |a 336.7:371  |2 2011 
100 1 |a Konečná Veverková, Ingrid  |4 aut  |9 159633 
245 1 0 |a Financovanie neverejnej školy z rozpočtu samosprávy :  |b cirkevné a súkromné školy a školské zariadenia  |c Ingrid Konečná Veverková 
300 |b Tabuľky 
336 |a text  |b txt  |2 rdacontent 
337 |a bez média  |b n  |2 rdamedia 
338 |a zväzok  |b nc  |2 rdacarrier 
546 |a Slovenské resumé 
650 0 7 |a financovanie  |2 SNKPH  |9 16004 
650 0 7 |a súkromné školy  |2 SNKPH  |9 71385 
650 0 7 |a cirkevné školy  |2 SNKPH  |9 4074 
773 0 |t Manažment školy v praxi : odborný mesačník pre manažment škôl, školských a predškolských zariadení  |g Roč. 18, č. 12 (2023), s. 10-13  |x 1336-9849 
958 |a NB 
999 |c 2183909  |d 2185839